A History of Indian English Literature/ (Record no. 199946)
[ view plain ]
| 000 -LEADER | |
|---|---|
| fixed length control field | 00729nam a22001937a 4500 |
| 005 - DATE AND TIME OF LATEST TRANSACTION | |
| control field | 20240111162224.0 |
| 010 ## - LCCN (DPL NO) | |
| LC control number | B-756523-527 |
| 020 ## - INTERNATIONAL STANDARD BOOK NUMBER | |
| International Standard Book Number | 9788126018727 |
| Terms of availability | 300.00 |
| 035 ## - SYSTEM CONTROL NUMBER | |
| System control number | B-756523-527 |
| 037 ## - SOURCE OF ACQUISITION | |
| Stock number | Bookwell Publicaton |
| 082 ## - DEWEY DECIMAL CLASSIFICATION NUMBER | |
| Classification number | 820 |
| 100 ## - MAIN ENTRY--PERSONAL NAME | |
| Personal name | Naik, M K |
| 245 ## - TITLE STATEMENT | |
| Title | A History of Indian English Literature/ |
| Statement of responsibility, etc | By M K Naik |
| 260 ## - PUBLICATION, DISTRIBUTION, ETC. (IMPRINT) | |
| Place of publication, distribution, etc | New Delhi |
| Name of publisher, distributor, etc | Sahitya Akademi |
| Date of publication, distribution, etc | 2023 |
| 270 ## - ADDRESS | |
| Address | Rabindra Bhavan,35 Ferozeshah Road |
| City | New Delhi |
| Postal code | 110001 |
| 300 ## - PHYSICAL DESCRIPTION | |
| Extent | 334p. |
| Dimensions | 21cm(Pbk) |
| 942 ## - ADDED ENTRY ELEMENTS (KOHA) | |
| Source of classification or shelving scheme | Dewey Decimal Classification |
| Item type | English Books |
| Classification part | 820 |
| Call number suffix | NAI |
| Withdrawn status | Lost status | Not for loan | Collection code | Home library | Current library | Date acquired | Source of acquisition | Cost, normal purchase price | Full call number | Barcode | Copy number | Cost, replacement price | Koha item type |
|---|---|---|---|---|---|---|---|---|---|---|---|---|---|
| Non-fiction | Ashok Vihar | Ashok Vihar | 11/01/2024 | Bookwell Publication/554/2.12.23/30/23.11.23/4.12.23 | 300.00 | 820 NAI | B-756525 | 1 | 300.00 | English Books | |||
| Non-fiction | Central Library | Central Library | 11/01/2024 | Bookwell Publication/554/2.12.23/30/23.11.23/4.12.23 | 300.00 | 820 NAI | B-756523 | 1 | 300.00 | English Books | |||
| Non-fiction | Mobile Library | Mobile Library | 11/01/2024 | Bookwell Publication/554/2.12.23/30/23.11.23/4.12.23 | 300.00 | 820 NAI | B-756524 | 1 | 300.00 | English Books | |||
| Non-fiction | Patel Nagar | Patel Nagar | 11/01/2024 | Bookwell Publication/554/2.12.23/30/23.11.23/4.12.23 | 300.00 | 820 NAI | B-756526 | 1 | 300.00 | English Books | |||
| Non-fiction | Sarojini Nagar | Sarojini Nagar | 11/01/2024 | Bookwell Publication/554/2.12.23/30/23.11.23/4.12.23 | 300.00 | 820 NAI | B-756527 | 1 | 300.00 | English Books |
